000 00778 a2200205 4500
020 _a9781584885856
020 _a9781584885856
082 0 4 _a620.105
090 _c234
_d234
100 1 _aSofonea, Mircea.
245 1 0 _aAnalysis and approximation of contact problems with adhesion or damage /
_cMircea Sofonea, Weimin Han, Meir Shillor.
260 _a[S.l.] :
_bChapman and Hall/CRC,
_c2005.
300 _a220 p. ;
_c24 cm.
490 1 _aChapman & hall/crc pure and applied mathematics.
700 1 _aHan, Weimin.
700 1 _aShillor, Meir.
830 0 _aChapman & hall/crc pure and applied mathematics.
942 _aSNS
_cBK
_k620.105 SOF
999 _c28870
_d28870